Statistics for Top 50 life expectancy countries

Click here to take the quiz!

General Stats

  • This quiz has been taken 142 times
  • The average score is 43 of 50

Answer Stats

RankContinentLife expectancy in yearsAnswer% Correct
1Asia83.68Japan
99%
4Oceania82.85Australia
97%
22Europe81.08Finland
97%
5Europe82.83Spain
97%
20Europe81.22United Kingdom
97%
12North America82.18Canada
96%
7Europe82.65Iceland
96%
11Asia82.28South Korea
96%
10Europe82.38Sweden
96%
2Europe83.36Switzerland
96%
14Europe81.86Netherlands
95%
15Europe81.77Norway
95%
31North America79.12United States
95%
27Europe80.59Denmark
94%
25Europe80.98Greece
94%
19Europe81.42Ireland
94%
17Oceania81.65New Zealand
94%
21Europe81.15Portugal
94%
18Europe81.51Austria
93%
6Europe82.69Italy
93%
3Asia83.11Singapore
93%
23Europe81.06Belgium
92%
9Europe82.43France
92%
24Europe81.04Germany
92%
13Europe81.95Luxembourg
92%
50South America76.32Argentina
90%
28South America80.51Chile
90%
40Europe77.56Estonia
89%
41Europe77.52Poland
88%
47Europe76.66Slovakia
87%
26Europe80.83Slovenia
86%
36Europe78.01Croatia
82%
44South America76.99Uruguay
82%
16Europe81,74Malta
81%
8Asia82.54Israel
80%
46North America76.71Mexico
80%
43Asia77.07United Arab Emirates
80%
35Asia78.24Qatar
79%
32North America79.71Cuba
77%
29Europe80.48Cyprus
76%
45Asia76.92Bahrain
75%
37South America77.82Panama
75%
33Europe78.83Czech Republic
74%
38Europe77.80Albania
71%
30South America79.61Costa Rica
71%
42Europe77.37Bosnia & Herzegovina
69%
39Asia77.73Brunei
69%
48Asia76.60Oman
69%
34Asia78.49Maldives
51%
49North America76.42Antigua & Barbuda
46%

Score Distribution

Percentile by Number Answered

Percent of People with Each Score

Your Score History

You have not taken this quiz